000 00773 a2200217 4500
001 57720
005 20260407155837.0
008 260407a2004 arg spa d
003 AR-UNSa-BCEJYS
040 _aAR-UNSa-BCEJYS
_bspa
_cAR-UNSa-BCEJYS
080 _a330.8
_xHistoria de las teorías, Doctrinas, Dogmas económicos (pensamiento económico)
245 1 0 _aAcción e ideas en hombres de compromiso
_pejercicios en historia del análisis económico
020 _a950-33-0449-0
264 1 _aCórdoba :
_bUniversidad Nacional de Córdoba
_c2004
300 _a410 p.
_c21 cm.
505 _a1. Contribuciones argentinas al pensamiento económico - 2.
041 _aspa
942 _cBK
590 _aniveau_biblio:m niveau_hierar:0
100 1 _aDi Marco, Luis Eugenio
999 _c6244
_d6244